Statistics for Chinese & Taiwanese Cities in Pictures

Click here to take the quiz!

General Stats

  • This quiz has been taken 20 times
  • The average score is 11 of 16

Answer Stats

Answer% Correct
Shanghai
100%
Beijing
94%
Lhasa
89%
Chongqing
83%
Hong Kong
83%
Taipei
83%
Guangzhou
78%
Hangzhou
72%
Harbin
72%
Chengdu
67%
Kaohsiung
61%
Macau
61%
Qingdao
61%
Xiamen
56%
Taichung
44%
Ningbo
28%

Score Distribution

Percentile by Number Answered

Percent of People with Each Score

Your Score History

You have not taken this quiz